000 00653nam a22002177a 4500
005 20250903152537.0
008 250903b |||||||| |||| 00| 0 eng d
037 _cTB
040 _aCRL
_cCRL
041 _2SIN
_aSIN
084 _aO1593:g(U8) R1
_bCRL
100 _aMatlani, Baldev Bakhatrai
_9819984
245 _aSindhi safarnamo
260 _aMumbai, India:
_bGlobal Sindhi council,
_c2021.
300 _a121p.
365 _b200.00
_cINR
650 _aSindhi Literature
650 _aTravels
942 _2CC
_cTB
_hO1593:g(U8) R1
_n0
999 _c1435141
_d1435141